1020 1756 1295 1753 1049 1299 1900 1574 1157 1259 1245 1336 1362 1001 1772 1615 1460 1695 1196 1207 1512 1017 1798 1990 1943 1580 1026 1470 1064 1509 1848 1628 1495 1063 1770 1937 1778 1695 1546 1531 1933 1676 1026 1348 1618 1928 1981 1773 1879 1166 1107 1932 1056 1461 1310 1090 1102 1202 1913 1220 1407 1996 1704 1863 1605 1230 1131 1598 1788 1791 1051 1340 1648 1283 1092 1090 1651 1887 1854 1937 1778 1170 1329 1097 1828 1214 1769 1032 1096 1976 1819 1688 1151 1825 1323 1464 1928 1009 1403 BCNSPRNW ULIB Ver.6.0+V

เปลี่ยนเป็นภาษาไทย

Change to English
 แสดงรายละเอียดบรรณานุกรม
  กลับหน้าหลัก

Brief Record : Get Marc (ISO 2709) : E-mail record : QR code < ปิดหน้าต่าง
LEADER : 00000nam 2200000uu 4500
001    13399121049
003     ULIB
008    020711s2551 th a 000 0 tha d
020    9789743891250
050    JQ1745.A1^bจ234ก
100    จักษ์ พันธ์ชูเพชร
245    การเมืองการปกครอง /^cจักษ์ พันธ์ชูเพชร
250    พิมพ์ครั้งที่ 6
260    ปธุมธานี :^bพันช์กรุ๊ป,^c2551
300    567 หน้า
650    การเมือง
650    การปกครอง
945    ^p265^l0^i18147
999    ^aทศพร เกษรทอง
รายการนี้ยังไม่มีแท็ก
คุณยังไม่ได้ล็อกอิน คุณสามารถมีกิจกรรมร่วมกับเว็บไซต์ได้ แต่ต้องล็อกอินก่อน ::
  ล็อกอิน

รายการสื่อสารสนเทศ

ลำดับที่ ประเภท เลขเรียก/บาร์โค้ด สถานที่ สถานะ
1. วิทยาศาสตร์การแพทย์ และสุขภาพ
วิทยาศาสตร์การแพทย์ และสุขภาพ
JQ1745.A1 จ234ก ฉ.1 
  Barcode: 18147
ห้องสมุดวิทยาเขตสวรรค์ประชารักษ์
►หนังสือทั่วไป
บนชั้น

รายการใกล้เคียง
    หัวเรื่อง [การเมือง]
    หัวเรื่อง [การปกครอง]

BibComment


ยังไม่เคยถูกคอมเมนท์

คอมเมนท์ทรัพยากรรายการนี้
  คอมเมนท์: การเมืองการปกครอง..


 Copyright 2026. Bcnsprnw @Library